Statistics for Countries with a 'T' in their name:

Click here to take the quiz!

General Stats

  • This quiz has been taken 87 times
    (60 since last reset)
  • The average score is 57 of 65

Answer Stats

HintAnswer% Correct
IItaly
98%
Argentina
96%
Vatican
96%
United States of America
96%
QQatar
96%
South Korea
96%
Togo
96%
Estonia
96%
Vietnam
94%
HHaiti
94%
SSaint Kitts and Nevis
94%
South Africa
94%
Trinidad and Tobago
94%
Thailand
94%
Lithuania
94%
LLatvia
92%
Eritrea
92%
Ethiopia
92%
Tajikistan
92%
Tanzania
92%
Turkey
92%
UUnited Arab Emirates
92%
United Kingdom
92%
TTaiwan
90%
Tonga
90%
Tuvalu
90%
PPakistan
90%
NNetherlands
90%
AAfghanistan
90%
Austria
90%
Egypt
90%
GGuatemala
88%
Saint Lucia
88%
Australia
88%
Uzbekistan
88%
Turkmenistan
88%
South Sudan
88%
KKazakhstan
88%
Botswana
87%
MMalta
87%
Liechtenstein
87%
Saint Vincent and the Grenadines
87%
Kyrgyzstan
87%
Antigua and Barbuda
87%
North Korea
87%
Portugal
87%
Montenegro
85%
Tunisia
85%
Croatia
85%
DDjibouti
83%
Switzerland
83%
Lesotho
83%
VVanuatu
83%
EEast Timor
81%
Costa Rica
81%
Kiribati
79%
Sao Tome and Principe
77%
Kuwait
77%
Mauritania
77%
Mauritius
77%
Equatorial Guinea
75%
BBhutan
73%
CCentral African Republic
69%
Ivory Coast
69%
eSwatini
38%

Score Distribution

Percentile by Number Answered

Percent of People with Each Score

Your Score History

You have not taken this quiz since the last reset